LEADER 01507nam1-2200433---450- 001 990001196330203316 005 20040128105755.0 010 $a0-8160-2874-5 035 $a000119633 035 $aUSA01000119633 035 $a(ALEPH)000119633USA01 035 $a000119633 100 $a20031015d1999----km-y0enga50------ba 101 0 $aeng 102 $aUS 105 $ay|||z|||001yy 200 1 $aWorld encyclopedia of political systems and parties$fedited by George E. Delury$g3. ed. edited by Deborah A. Kaple 205 $a3. ed. 210 $aNew York$cFacts On File$dcopyr. 1999- 215 $a3. v.$d28 cm 225 2 $aFacts on file library of world history 410 0$12001$aFacts on file library of world history 463 \1$1001990001375130203316$12001 $a<> Afghanistan-France 463 \1$1001990001375180203316$12001 $a<> Gabon-Norway 463 \1$1001990001375280203316$12001 $a<> Oman-Zimbabwe 606 0 $aPartiti politici$xEnciclopedie e dizionari 676 $a324.203 702 1$aDELURY,$bGeorge E. 702 1$aKAPLE,$bDeborah A. 801 0$aIT$bsalbc$gISBD 912 $a990001196330203316 951 $a324.203 WOR$bE.C.$c324 959 $aBK 979 $aMARIA$b10$c20031015$lUSA01$h1157 979 $aPAOLA$b90$c20040128$lUSA01$h1049 979 $aPAOLA$b90$c20040128$lUSA01$h1057 979 $aPATRY$b90$c20040406$lUSA01$h1726 996 $aWorld encyclopedia of political systems and parties$9985149 997 $aUNISA LEADER 01717nam0 22003373i 450 001 SBL0184384 005 20231121125817.0 100 $a20121116e19631932||||0itac50 ba 101 | $aenm 102 $agb 181 1$6z01$ai $bxxxe 182 1$6z01$an 200 1 $a˜The œlife and death of Sr Thomas Moore, knight, sometymes Lord high Chancellor on England, written in the tyme of Queene Marie$fby Nicholas Harpsfield and now ed. from eight manuscripts, with collations, textual notes, etc. by Elsie Vaughan Hitchcock$gwith an introd. by R. W. Chambers and with appendices 205 $aRist. anast 210 $aLondon ?etc.?$cpubl. for the Early English Text Society by the Oxford University Press$d1963 215 $aCCXXXI, 400 p.$cill.$d23 cm 225 | $aEarly English text society$v186 300 $aRipr. facs. dell'ed.: Londra, 1932. 410 0$1001CFI0087118$12001 $aEarly English text society$v186$171202$aEarly English text society$3CFIV093087 517 1 $aEarly English text society. Original series.$9CFI0292573 676 $a821.1$9$v21 700 1$aHarpsfield$b, Nicholas$f <1519-1575>$3SBLV107452$4070$0193385 702 1$aVaughan Hitchcock$b, Elsie$3SBLV107453 801 3$aIT$bIT-01$c20121116 850 $aIT-FR0017 899 $aBiblioteca umanistica Giorgio Aprea$bFR0017 912 $aSBL0184384 950 0$aBiblioteca umanistica Giorgio Aprea$d 52EETS O.S. 186$e 52FLS0000152155 VMB RS Prezzo stimato dal catalogatore$fC $h20121116$i20121116 977 $a 52 996 $aLife and death of Sr Thomas Moore, knight, sometymes Lord high Chancellor on England, written in the tyme of Queene Marie$93635977 997 $aUNICAS